Vague Preferences, Noisy Markets, and Other Parables Concerning the Informational Role of Prices
Saved in:
| Main Author: | |
|---|---|
| Other Authors: | |
| Format: | Book |
| Language: | English |
| Published: |
Atlanta
Federal Reserve Bank
1993
|
| Edition: | 1. ed. |
| Series: | Working Paper
93-15 |
| Subjects: | |
| Tags: |
No Tags, Be the first to tag this record!
|
MARC
| LEADER | 00000nam a2200000 4500 | ||
|---|---|---|---|
| 001 | c005404 | ||
| 005 | 20221214084123.5 | ||
| 041 | 0 | |a eng | |
| 044 | |a US | ||
| 245 | 1 | 0 | |a Vague Preferences, Noisy Markets, and Other Parables Concerning the Informational Role of Prices |c Vicente Madrigal, Stephen D. Smith |
| 250 | |a 1. ed. | ||
| 264 | 1 | |a Atlanta |b Federal Reserve Bank |c 1993 | |
| 300 | |a 20 s. | ||
| 490 | 1 | |a Working Paper |v 93-15 | |
| 830 | 0 | |a Working Paper |v 93-15 | |
| 610 | 2 | 0 | |a banky emisné |
| 610 | 2 | 0 | |a ceny trhové |
| 610 | 2 | 0 | |a modely trhu |
| 610 | 2 | 0 | |a USA |
| 610 | 2 | 0 | |a investície |
| 610 | 2 | 0 | |a ceny |
| 610 | 2 | 0 | |a trh |
| 610 | 2 | 0 | |a informácie |
| 610 | 2 | 0 | |a rozhodovanie za rizika |
| 610 | 2 | 0 | |a modely |
| 610 | 2 | 0 | |a ponuka |
| 100 | 1 | |a Madrigal, Vicente | |
| 700 | 1 | |a Smith, Stephen D. | |